| 000 | 00755nam a2200205 a 4500 | ||
|---|---|---|---|
| 001 | 000023736 | ||
| 005 | 20200930022428.0 | ||
| 008 | 110112s1997 mx a r 000 0 spa d | ||
| 020 | _a9686384251 | ||
| 040 |
_aDO-SdBNP _bspa _cBNPHU |
||
| 082 |
_axxxxxx _bS612m |
||
| 111 | 2 |
_aSimposio panamericano de historia _n(1 : _d31 octubre - noviembre de 1988 : _cMéxico) _948873 |
|
| 245 | 1 | 0 | _aMemorias del I simposio panamericano de historia. |
| 260 |
_aMéxico, D. F. : _bInstituto Panamericano de Geografía e Historia, _c1997. |
||
| 300 | _av. 1. | ||
| 490 | 1 |
_aInstituto Panamericano de Geografía e Historia ; _v501 |
|
| 500 | _aIncluye bibliografía p. [214] | ||
| 830 | 0 |
_aInstituto Panamericano de Geografía e Historia ; _n501 _948874 |
|
| 049 | _aBNGR | ||
| 999 |
_c23232 _d23232 |
||